Online
Catalog

Don Juan tenorio. Traidor, inconfeso y mártir. El puñal del godo (Record no. 53654)

MARC details
000 -CABECERA
campo de control de longitud fija 00604nam a2200217 i 4500
003 - IDENTIFICADOR DEL NÚMERO DE CONTROL
campo de control DO-SdBNP
005 - FECHA Y HORA DE LA ÚLTIMA TRANSACCIÓN
campo de control 20230530105937.0
007 - CAMPO FIJO DE DESCRIPCIÓN FÍSICA--INFORMACIÓN GENERAL
campo de control de longitud fija ta
008 - DATOS DE LONGITUD FIJA--INFORMACIÓN GENERAL
campo de control de longitud fija 230530b1957 sp c|||| |||| 00| 0 spa d
040 ## - FUENTE DE LA CATALOGACIÓN
Centro catalogador/agencia de origen DO-SdBNP
Lengua de catalogación spa
Centro/agencia transcriptor BNPHU
Normas de descripción rda
082 #4 - NÚMERO DE LA CLASIFICACIÓN DECIMAL DEWEY
Número de edición 22
100 1# - ENTRADA PRINCIPAL--NOMBRE DE PERSONA
Nombre de persona Zorrilla y Moral, José,
Término indicativo de función/relación autor
9 (RLIN) 83479
245 10 - MENCIÓN DE TÍTULO
Título Don Juan tenorio. Traidor, inconfeso y mártir. El puñal del godo
250 ## - MENCIÓN DE EDICIÓN
Mención de edición 3a ed.
264 ## - PRODUCCIÓN, PUBLICACIÓN, DISTRIBUCIÓN, FABRICACIÓN Y COPYRIGHT
Producción, publicación, distribución, fabricación y copyright Madrid :
Nombre del de productor, editor, distribuidor, fabricante Aguilar,
Fecha de producción, publicación, distribución, fabricación o copyright 1957.
300 ## - DESCRIPCIÓN FÍSICA
Extensión 506 páginas
Otras características físicas retrato ;
Dimensiones 12 cm.
490 ## - MENCIÓN DE SERIE
Mención de serie Crisol
Designación de volumen o secuencia 177
590 ## - NOTA LOCAL (RLIN)
Nota local Inventariado, 2023/BT
910 ## - DATOS DE OPCIÓN DEL USUARIO (OCLC)
Datos de opción del usuario Btavárez
942 ## - ELEMENTOS DE PUNTO DE ACCESO ADICIONAL (KOHA)
Fuente del sistema de clasificación o colocación Dewey Decimal Classification
Tipo de ítem Koha Libro
Holdings
Estado de retiro Estado de pérdida Fuente del sistema de clasificación o colocación Restricciones de uso No para préstamo Código de colección Localización permanente Ubicación/localización actual Ubicación en estantería Fecha de adquisición Fuente de adquisición Total de préstamos Código de barras Fecha visto por última vez Precio válido a partir de Tipo de ítem Koha Nota pública
    Dewey Decimal Classification Excluido de préstamo   General Biblioteca Nacional Pedro Henríquez Ureña Biblioteca Nacional Pedro Henríquez Ureña En catalogación 30.05.2023 Donación   2023-2115 30.05.2023 30.05.2023 Libro Perteneció a la biblioteca personal de Mariano Lebrón Saviñón.

Powered by Koha